<?xml version="1.0" encoding="UTF-8"?><?xml-stylesheet type="text/xsl" href="static/style.xsl"?><OAI-PMH xmlns="http://www.openarchives.org/OAI/2.0/" xmlns:xsi="http://www.w3.org/2001/XMLSchema-instance" xsi:schemaLocation="http://www.openarchives.org/OAI/2.0/ http://www.openarchives.org/OAI/2.0/OAI-PMH.xsd"><responseDate>2026-04-14T04:51:05Z</responseDate><request verb="GetRecord" identifier="oai:www.recercat.cat:2072/437415" metadataPrefix="marc">https://recercat.cat/oai/request</request><GetRecord><record><header><identifier>oai:recercat.cat:2072/437415</identifier><datestamp>2025-04-03T04:42:28Z</datestamp><setSpec>com_2072_98</setSpec><setSpec>col_2072_378192</setSpec></header><metadata><record xmlns="http://www.loc.gov/MARC21/slim" xmlns:dcterms="http://purl.org/dc/terms/" xmlns:xsi="http://www.w3.org/2001/XMLSchema-instance" xmlns:doc="http://www.lyncode.com/xoai" xsi:schemaLocation="http://www.loc.gov/MARC21/slim http://www.loc.gov/standards/marcxml/schema/MARC21slim.xsd">
   <leader>00925njm 22002777a 4500</leader>
   <datafield ind2=" " ind1=" " tag="042">
      <subfield code="a">dc</subfield>
   </datafield>
   <datafield ind2=" " ind1=" " tag="720">
      <subfield code="a">Suhett de Morais, Raul</subfield>
      <subfield code="e">author</subfield>
   </datafield>
   <datafield ind2=" " ind1=" " tag="260">
      <subfield code="c">2019</subfield>
   </datafield>
   <datafield ind2=" " ind1=" " tag="520">
      <subfield code="a">La ciutat ha anat canviant i el turisme urbà ha guanyat importància. I això influeix en les imatges turístiques que les destinacions produeixen i fa que canviïn al llarg del temps. En la Tesi de Raul Morais s'analitza com ha anat canviat la imatge turística de Barcelona al llarg del temps a través de l'estudi de les corresponents guies turístiques de la ciutat.</subfield>
   </datafield>
   <datafield ind2=" " ind1=" " tag="520">
      <subfield code="a">La ciudad ha ido cambiando y el turismo urbano ha ganado importancia. Y esto influye en las imágenes turísticas que los destinos producen, cambiando así a lo largo del tiempo. En la Tesis de Raul Morais se analiza cómo ha ido cambiado la imagen turística de Barcelona a lo largo del tiempo a través del estudio de las correspondientes guías turísticas de la ciudad.</subfield>
   </datafield>
   <datafield ind2=" " ind1=" " tag="520">
      <subfield code="a">The city has changed and urban tourism has gained importance. And this influences the tourist images that destinations produce and causes them to change over time. The Thesis by Raul Morais, analyzes how the tourist image of Barcelona has changed over time through the study of the city travel guidebooks.</subfield>
   </datafield>
   <datafield ind2="0" ind1="0" tag="245">
      <subfield code="a">L'evolució de la Imatge Turística a través de les Guies Turístiques : el cas de Barcelona</subfield>
   </datafield>
</record></metadata></record></GetRecord></OAI-PMH>